000 00588nam a22002177a 4500
001 00028891
005 20260425085622.0
008 260425b ag ||||| |||| 00| 0 spa d
020 _a8441308438
040 _aAR-CcCEOS
_bspa
_cAR-CcCEOS
041 _aspa
080 _a936:7
090 _bCAS v.2
100 1 _aCasson, Lionel,
_d1914-2009
_91113
245 _aLos reyes bárbaros :
_bVolumen II /
_cLionel Casson
264 _aBarcelona :
_bFolio,
_c1997.
300 _a166 p. ;
_c24x18 cm.
490 _vAtlas culturales del mundo
655 0 _aarte
_9138
942 _2udc
_cBK
_n0
999 _c28934
_d28934